Función y forma de la biblioteca universitaria : elementos de planeación administrativa para el diseño arquitectónico /

Bibliographic Details
Main Author: Garza Mercado, Ario
Corporate Author: JSTOR (Organization)
Format: eBook
Language:Spanish
Published: México, D.F. : Colegio de México, 1984.
Edition:2a ed.
Series:Jornadas ; 83.
Subjects:
Online Access:Connect to the full text of this electronic book

MARC

Tag First Indicator Second Indicator Subfields
LEADER 00000cam a2200000Ka 4500
001 in00004024708
005 20190416184045.0
006 m o d
007 cr bn||||||abp
007 cr bn||||||ada
008 160428s1984 mx af ob 000 0 spa d
019 |a 663215719 
020 |a 9789681202781  |q (electronic bk.) 
020 |a 9681202783  |q (electronic bk.) 
035 |a (OCoLC)ocn948284914 
035 |a (OCoLC)948284914  |z (OCoLC)663215719 
037 |a 22573/ctv25q5bk  |b JSTOR 
040 |a OCLCE  |b eng  |e pn  |c OCLCE  |d OCLCF  |d OCLCQ  |d OCLCA  |d JSTOR  |d UtOrBLW 
042 |a dlr 
043 |a n-mx--- 
049 |a TXAM 
050 4 |a Z675.U5  |b G38 1984 
072 7 |a ARC  |x 011000  |2 bisacsh 
072 7 |a LAN  |x 025010  |2 bisacsh 
082 0 4 |a 027.7/0972  |2 19 
100 1 |a Garza Mercado, Ario.  |0 http://id.loc.gov/authorities/names/n86841576 
245 1 0 |a Función y forma de la biblioteca universitaria :  |b elementos de planeación administrativa para el diseño arquitectónico /  |c Ario Garza Mercado. 
250 |a 2a ed. 
264 1 |a México, D.F. :  |b Colegio de México,  |c 1984. 
300 |a 1 online resource (194 pages, 15 unnumbered pages of plates) :  |b illustrations. 
336 |a text  |b txt  |2 rdacontent 
337 |a computer  |b c  |2 rdamedia 
338 |a online resource  |b cr  |2 rdacarrier 
490 1 |a Jornadas ;  |v 83 
504 |a Includes bibliographical references (pages 174-175). 
588 0 |a Print version record. 
538 |a Master and use copy. Digital master created according to Benchmark for Faithful Digital Reproductions of Monographs and Serials, Version 1. Digital Library Federation, December 2002.  |u http://purl.oclc.org/DLF/benchrepro0212  |5 MiAaHDL 
583 1 |a digitized  |c 2011  |h HathiTrust Digital Library  |l committed to preserve  |2 pda  |5 MiAaHDL 
500 |a Electronic resource. 
610 2 0 |a Colegio de México.  |0 http://id.loc.gov/authorities/names/n79142797 
610 2 7 |a Colegio de México.  |2 fast  |0 (OCoLC)fst00539453 
650 0 |a Academic libraries  |z Mexico. 
650 0 |a Library architecture  |z Mexico. 
650 7 |a Academic libraries.  |2 fast  |0 (OCoLC)fst00794997 
650 7 |a Library architecture.  |2 fast  |0 (OCoLC)fst00997633 
651 7 |a Mexico.  |2 fast  |0 (OCoLC)fst01211700 
650 7 |a ARQUITECTURA DE BIBLIOTECAS  |z MEXICO  |z CIUDAD DE MEXICO.  |2 renib 
650 7 |a BIBLIOTECAS UNIVERSITARIAS  |z MEXICO  |z CIUDAD DE MEXICO.  |2 renib 
651 7 |a CIUDAD DE MEXICO (Mexico)  |x EDIFICIOS, ESTRUCTURAS, etc.  |2 renib 
650 7 |a ARCHITECTURE / Buildings / Public, Commercial & Industrial.  |2 bisacsh 
655 7 |a Electronic books.  |2 local 
710 2 |a JSTOR (Organization)  |0 http://id.loc.gov/authorities/names/no97001983 
776 0 8 |i Print version:  |a Garza Mercado, Ario.  |t Función y forma de la biblioteca universitaria.  |b 2a ed.  |d México, D.F. : Colegio de México, 1984  |w (DLC) 86208408  |w (OCoLC)16757283 
830 0 |a Jornadas ;  |v 83.  |0 http://id.loc.gov/authorities/names/n42014002 
856 4 0 |u http://proxy.library.tamu.edu/login?url=http://www.jstor.org/stable/10.2307/j.ctv233q6m  |z Connect to the full text of this electronic book  |t 0 
999 f f |s c9cbeeb8-d679-3fbc-95fd-f2741cc5c518  |i 1d198a36-1f89-39c7-8f57-9d81ebe19e45  |t 0 
952 f f |a Texas A&M University  |b College Station  |c Electronic Resources  |d Available Online  |t 0  |e Z675.U5 G38 1984  |h Library of Congress classification 
998 f f |a Z675.U5 G38 1984  |t 0  |l Available Online